Oblasts of the Kingdom of Bulgaria on a Map - Statistics

General Stats
  • This quiz has been taken 90 times
  • The average score is 6 of 11
Answers on the Map
Answers color-coded by a green-red scale on the quiz's map according to % correct below.
 
Answer Stats
Answer % Correct
Sofia
99%
Skopje
81%
Burgas
78%
Plovdiv
74%
Ruse
62%
Pleven
51%
Bitola
46%
Stara Zagora
46%
Shumen
34%
Vratsa
34%
Komotini
18%
No matching quizzes found
Score Distribution
Percent of People with Each Score
Percentile by Number Answered
Your Score History
You have not taken this quiz